000 00692cam a22002173a 4500
001 41893
003 PGUSA
005 20140828083938.0
008 130121s2013||||xxu|||||s|||||000 | eng d
040 _aPGUSA
_beng
042 _adc
100 1 _aBennett, William Henry
245 1 0 _aExpositor's Bible :
_bThe Book of Jeremiah : Chapters XXI.-LII.
_h[electronic resource] /
_cWilliam Henry Bennett
260 _bProject Gutenberg,
_c2013
506 _aPublic domain in the USA.
516 _aElectronic text
700 1 _aNicoll, W. Robertson,
_cSir
_q(William Robertson),
_d1851-1923
830 0 _aProject Gutenberg
_v41893
856 4 0 _uhttp://www.gutenberg.org/ebooks/41893
942 _cEB
999 _c271145
_d271145